000 00346nam a2200145 a 4500
008 191022s2019|||| d
100 1 _aNuska Bohumil
245 1 0 _aRytmus, Tvorba, Divadlo III.diel
250 _a1.vydanie
260 _bSerifa
_aPraha
_c2019
300 _a313s.
020 _a9788086102788
_c8,88
041 _acze
044 _aCZ
999 _c21042
_d21042